Hyper-encryption
Gespeichert in:
| 1. Verfasser: | |
|---|---|
| Weitere Verfasser: | |
| Format: | Manuskript Buch |
| Sprache: | Slowakisch |
| Veröffentlicht: |
Bratislava :
STU v Bratislave FEI,
2020
|
| Schlagworte: | |
| Online-Zugang: | https://opac.crzp.sk/?fn=detailBiblioForm&sid=F0D9EA643ED4040315E11F1BE0B8&seo=CRZP-detail-kniha |
| Tags: |
Keine Tags, Fügen Sie das erste Tag hinzu!
|
MARC
| LEADER | 00000ntm a22000003a 4500 | ||
|---|---|---|---|
| 001 | stuzp72699 | ||
| 003 | SK-STU | ||
| 005 | 20200716141758.6 | ||
| 007 | ta | ||
| 008 | 150427s2015----xo-----f-mn---000-0-slo-d | ||
| 040 | |a STU |b slo | ||
| 041 | 0 | |a slo | |
| 044 | |a xo | ||
| 100 | 1 | |a Neupauer, Daniel |u 035000 |4 aut |U FEI Fakulta elektrotechniky a informatiky |T FEI Ústav informatiky a matematiky |X 74766 |U E050 |Y 816 |7 74766 | |
| 242 | 0 | 1 | |a Hyper-encryption |y eng |
| 245 | 1 | 0 | |a Hyper-encryption |
| 260 | |a Bratislava : | ||
| 260 | |b STU v Bratislave FEI, | ||
| 260 | |c 2020 | ||
| 300 | |a 68 s. | ||
| 650 | 4 | |a Hyper-encryption |2 slo | |
| 650 | 4 | |a one-time pad |2 slo | |
| 650 | 4 | |a stránkový serverový uzol |2 slo | |
| 650 | 4 | |a šifrovanie |2 slo | |
| 650 | 4 | |a Hyper-encryption |2 eng | |
| 650 | 4 | |a one-time pad |2 eng | |
| 650 | 4 | |a page server node |2 eng | |
| 650 | 4 | |a encryption |2 eng | |
| 700 | 1 | |a Vojvoda, Milan |u 035000 |k Z1 |4 ths |U FEI Fakulta elektrotechniky a informatiky |T FEI Ústav informatiky a matematiky |X 1885 |U E050 |Y 816 |7 A000001885 | |
| 856 | 4 | |u https://opac.crzp.sk/?fn=detailBiblioForm&sid=F0D9EA643ED4040315E11F1BE0B8&seo=CRZP-detail-kniha | |